Bibliografía madrileña o descripción de las obras impresas en Madrid / (Record no. 161898)

MARC details
000 -LEADER
campo de control de longitud fija 01273nam a2200265 4500
001 - NÚMERO DE CONTROL
campo de control 161898
003 - IDENTIFICADOR DE NÚMERO DE CONTROL
campo de control ES-MaACL
005 - FECHA Y HORA DE LA ÚLTIMA TRANSACCIÓN
campo de control 20250930063141.0
008 - DATOS DE LONGITUD FIJA--INFORMACIÓN GENERAL
campo de control de longitud fija 940301m18911907sp b |||| | spa d
040 ## - FUENTE DE CATALOGACIÓN
Centro catalogador/agencia de origen CLM
Lengua de catalogación spa
080 ## - NÚMERO DE LA CLASIFICACIÓN DECIMAL UNIVERSAL
Número de la Clasificación Decimal Universal 015(460.27 M.)
080 ## - NÚMERO DE LA CLASIFICACIÓN DECIMAL UNIVERSAL
Número de la Clasificación Decimal Universal 016:094(460.27 M.)"15/16"
100 1# - ENTRADA PRINCIPAL--NOMBRE DE PERSONA
Nombre de persona Pérez Pastor, Cristóbal,
Fechas asociadas al nombre 1833-1908
9 (RLIN) 91076
245 10 - MENCIÓN DEL TÍTULO
Título Bibliografía madrileña o descripción de las obras impresas en Madrid /
Mención de responsabilidad, etc. por el presbítero Don Cristóbal Pérez Pastor.
260 ## - PUBLICACIÓN, DISTRIBUCIÓN, ETC.
Lugar de publicación, distribución, etc. Madrid :
Nombre del editor, distribuidor, etc. Tip. de los Huérfanos,
Fecha de publicación, distribución, etc. 1891-1907.
300 ## - DESCRIPCIÓN FÍSICA
Extensión 3 v. ;
Dimensiones 29 cm.
500 ## - NOTA GENERAL
Nota general Los 3 v. de la obra fueron premiados por la Biblioteca Nacional en los concursos públicos de 1888, 1893 y 1897 respectivamente.
505 8# - NOTA DE CONTENIDO CON FORMATO
Nota de contenido con formato Contiene: t. I. Siglo XVI (XLVII, 434 p.) -- t. II. Parte segunda (1601 al 1620) (558 p.) -- t. III. Parte tercera (1621 al 1625) (564, L p.)
596 ## - NOTA AL PIE DE IMPRENTA
NOTA AL PIE DE IMPRENTA Nombre de imp. en t.II. y III.: Tip. de la "Revista de Archivos, Bibliotecas y Museos"
596 ## - NOTA AL PIE DE IMPRENTA
NOTA AL PIE DE IMPRENTA Fechas de publicación de t. II: 1906 y de t. III: 1907.
650 #4 - PUNTO DE ACCESO ADICIONAL DE MATERIA--TÉRMINO DE MATERIA
Término de materia o nombre geográfico como elemento de entrada Bibliografías madrileñas.
9 (RLIN) 145609
650 #4 - PUNTO DE ACCESO ADICIONAL DE MATERIA--TÉRMINO DE MATERIA
Término de materia o nombre geográfico como elemento de entrada Libros antiguos-
Subdivisión geográfica Madrid-
Subdivisión de forma Bibliografías.
9 (RLIN) 145610
852 ## - LOCALIZACIÓN
Ubicación ES-MaACL
Número de control de estantería B-2940-42
Nota libre -- Enc. pasta
Holdings
Estatus retirado Estado de pérdida Fuente del sistema de clasificación o colocación Estado de daño No para préstamo Colección Biblioteca de origen Biblioteca actual Ubicación en estantería Fecha de adquisición Total de préstamos Signatura topográfica completa Código de barras Visto por última vez Precio de reemplazo Tipo de ítem Koha
    Clasificación decimal universal     Biblioteca profesional Biblioteca del Ateneo de Madrid Biblioteca del Ateneo de Madrid Sala Pardo Bazán 17/01/2008   B-2940-42 1169589 23/02/2023 23/02/2023 Libro impreso antiguo